00321nam a22001457a 4500003000400000005001700004008004100021020002000062040000700082082001700089100002500106245001500131260002100146300000800167OSt20210924094043.0210924b |||||||| |||| 00| 0 eng d a139781111301668 chu 29tha150/psy adoujlas A. bernsteil apsychology aUSA bhallc2012 a835